Responses for Show #5180 - Friday, March 2, 2007

Contestants

[<< previous game]

Doug Tibbs, a firefighter from Columbus, Ohio

Margaret Tennison, a retired paralegal from Vienna, Virginia

Brian Morris, an account manager from Vancouver, British Columbia, Canada (whose 1-day cash winnings total $30,401)

[next game >>]

Jeopardy! Round responses

WHAT A BOHR!
(Alex: Notice the spelling there.)
TAKE A WOK ON THE WILD SIDE
ORDINAL PEOPLE
HEADS UP!
(Alex: We'll give you the actors, you name the productions in...)
CAST
THE FIRST "STONE"
    $200 26
the Nobel Prize (in Physics)

Doug
    $200 21
(Margaret: What is crab?)
...
(Alex: Arachnid, yes.)

the scorpion

MargaretDoug
    $200 16
a second

Doug
    $200 11
Anne Boleyn

Margaret
    $200 6
My Fair Lady

Margaret
    $200 1
(Margaret: What is hail?)
...
(Alex: "Stone" must come up in each correct response.)

a hailstone

BrianMargaret
    $400 27
Copenhagen

Margaret
    $400 22
the chicken

Margaret
    $400 17
(Margaret: What are Wonders of the World? The Seven Wonders of the World?)

the Eighth Wonder of the World

BrianMargaret
    $400 12
Marie Antoinette

Margaret
    $400 7
One Flew Over the Cuckoo's Nest

Margaret
    $400 2
Tombstone

Doug
    $600 28
Peace

Doug
    $600 23
hundred-year-old eggs (or thousand-year-old eggs)

Margaret
    $600 18
First Lady of the World

Margaret
    $600 13
Medusa

Margaret
    $600 8
The Odd Couple

Doug
    $600 3
a rhinestone

Doug
    $800 29
Los Alamos

Margaret
    $800 24
silkworms

Brian
    $800 19
(Margaret: That was a guess.)

the Third Man

Margaret
    $800 14
(Maximilien) Robespierre

Brian
    $800 9
Evita

Brian
    $800 4
stonewashed

Brian
    $600 30
(Margaret: I have no idea, sorry.)
...
(Alex: It is the [*], that's what gives it its position.)

atomic number

Margaret
    $1000 25
a yak

Doug
    $1000 20
The Fourth Musketeer

Brian
    $1000 15
(Vasco Núñez de) Balboa

Triple Stumper
    $1000 10
Cabaret

Margaret
    $1000 5
limestone

Margaret

Scores at the first commercial break (after clue 15):

Brian Margaret Doug
$2,600 $3,600 $1,600

Scores at the end of the Jeopardy! Round:

Brian Margaret Doug
$4,800 $6,000 $3,800

Double Jeopardy! Round responses

AMERICAN POETS & POETRY
JOHNS IN FILM
GLAND TIDINGS
FURNITURE
ALLITERATIVE ARTISTS
SYNONYMS
    $400 6
Leaves of Grass

Brian
    $400 7
John Wayne

Brian
    $400 30
the brain

Doug
    $400 12
a return

Doug
    $400 1
Pablo Picasso

Margaret
    $400 20
errors

Brian
    $800 15
(Edgar Allan) Poe

Doug
    $800 8
John the Baptist

Margaret
    $800 26
the jawbone

Doug
    $800 13
(Margaret: What are Adiron-dyke chairs?) [Originally ruled correct, reversed before first Daily Double]

Adirondack

Margaret
Triple Stumper
    $800 2
Hans Holbein

Margaret
    $800 21
halt

Margaret
    $1200 18
"But only God can make a tree"

Margaret
    $1200 9
(John) Turturro

Brian
    $1200 27
tear glands (or lachrymal glands)

Doug
    $1200 14
(Alex: That was one of those tall [*]. So you could tilt it, step back, look at yourself, enjoy the view.)

mirrors

Triple Stumper
    $1200 3
Jasper Johns

Brian
    $1200 22
(Doug: What is asea?)

peril

MargaretDoug
    $1600 19
Dorothy Parker

Brian
    $1600 10
(Margaret: Who is Jean Lafitte?)
(Brian: Who is John Cabot?)
...
(Alex: [Immitating pirate] Arr, me mateys! [*]! Arr! Arr!)

Long John Silver

BrianMargaret
Triple Stumper
    $1600 28
lymph nodes

Doug
    $3,000 16
Rococo

Doug
    $1600 4
Peter Paul Rubens

Margaret
    $1600 24
(Brian: What is domicile?)

abode

Brian
Triple Stumper
    $2000 23
Gwendolyn Brooks

Triple Stumper
    $2000 11
Jill St. John

Brian
    $4,000 29
(Doug: What is the pituitary gland?)

the thymus gland

Doug
    $2000 17
(Alex: [*], to pray. Yes.)

kneeling

Margaret
    $2000 5
William Wegman

Margaret
    $2000 25
exact

Brian

Scores at the end of the Double Jeopardy! Round:

Brian Margaret Doug
$10,800 $14,400 $6,800

[wagering suggestions for these scores]

Final Jeopardy! Round responses

PRESIDENTIAL ELECTIONS
(Alex: I s'pose you start in the present and work back. Think of presidents who were elected twice and then try to come up with a correct response.)
DougWho was Ronald Reagan
$6,799
BrianWho is Reagan?
$7,800
MargaretWho is Ronald Reagan?
$7,201
Ronald Reagan

Final scores:

Brian Margaret Doug
$18,600 $21,601 $13,599
2nd place: $2,000 New champion: $21,601 3rd place: $1,000

Game dynamics:

Coryat scores:

Brian Margaret Doug
$10,800 $15,000 $9,400
15 R,
2 W
22 R,
6 W
(including 1 DD)
15 R
(including 1 DD),
2 W
(including 1 DD)

Combined Coryat: $35,200

[game clues] [game scores] [suggest correction]

Game tape date: 2006-12-05
The J! Archive is created by fans, for fans. Scraping, republication, monetization, and malicious use prohibited; this site may use cookies and collect identifying information. See terms. The Jeopardy! game show and all elements thereof, including but not limited to copyright and trademark thereto, are the property of Jeopardy Productions, Inc. and are protected under law. This website is not affiliated with, sponsored by, or operated by Jeopardy Productions, Inc. Join the discussion at JBoard.tv.